[Event "GER-ch Seniors 15th"]
[Site "Bad Wiessee"]
[Date "2003.05.18"]
[Round "9"]
[White "Letmathe, Adolf"]
[Black "Negele, Anton"]
[Result "1/2-1/2"]
[WhiteElo "1720"]
[BlackElo "2107"]
[PlyCount "54"]
[EventDate "2003.05.??"]
[EventType "swiss"]
[EventRounds "9"]
[EventCountry "GER"]
[SourceTitle "EXT 2006"]
[Source "ChessBase"]
[SourceDate "2005.11.24"]
[SourceVersion "1"]
[SourceVersionDate "2005.11.24"]
[SourceQuality "1"]

1. d4 Nf6 2. Nf3 g6 3. e3 Bg7 4. Bd3 0-0 5. 0-0 d6 6. b3 c5 7. Bb2 Nc6 8. dxc5 dxc5 9. Nbd2 b6 10. Qe2 Bb7 11. a3 Qc7 12. Rad1 Rad8 13. Ba1 e5 14. Ne4 Rfe8 15. Nfg5 Nxe4 16. Bxe4 h6 17. Nf3 Kh7 18. g4 Qc8 19. h3 Qe6 20. c4 Na5 21. Bxb7 Nxb7 22. Rxd8 Rxd8 23. Rd1 Rxd1+ 24. Qxd1 f6 25. Qd5 Qxd5 26. cxd5 Nd6 27. Nd2 b5 1/2-1/2

[Event "Wuerttemberg-ch Seniors 15th"]
[Site "Ellwangen"]
[Date "2003.04.18"]
[Round "8"]
[White "Negele, Anton"]
[Black "Stadt, Hans"]
[Result "0-1"]
[WhiteElo "1994"]
[BlackElo "1979"]
[PlyCount "84"]
[EventDate "2003.04.??"]
[EventType "swiss"]
[EventRounds "9"]
[EventCountry "GER"]
[SourceTitle "EXT 2006"]
[Source "ChessBase"]
[SourceDate "2005.11.24"]
[SourceVersion "1"]
[SourceVersionDate "2005.11.24"]
[SourceQuality "1"]

1. d4 Nf6 2. c4 g6 3. Nc3 Bg7 4. e4 d6 5. Nf3 0-0 6. Be2 c6 7. 0-0 Qc7 8. h3 Nbd7 9. Be3 e5 10. d5 Re8 11. Rc1 Nf8 12. Qd2 c5 13. Nh2 Bd7 14. Ng4 Nxg4 15. hxg4 f5 16. gxf5 gxf5 17. exf5 Bxf5 18. Bh5 Bg6 19. Bxg6 Nxg6 20. g3 Qd7 21. Kg2 Qg4 22. Qe2 Nh4+ 23. Kh2 Nf3+ 24. Kg2 Rf8 25. Rh1 Rf7 26. Qd3 Rf5 27. Qe4 Qg6 28. g4 Raf8 29. Kf1 R5f6 30. Ke2 Nd4+ 31. Kd3 a6 32. Rh5 b5 33. b3 b4 34. Nb1 Qxe4+ 35. Kxe4 Rf4+ 36. Bxf4 Rxf4+ 37. Ke3 Rf3+ 38. Ke4 Rxf2 39. Re1 Rxa2 40. Rh3 Rf2 41. Ke3 Rf4 42. Rg1 Nxb3 0-1

[Event "Wuerttemberg-ch Seniors 15th"]
[Site "Ellwangen"]
[Date "2003.04.17"]
[Round "7"]
[White "Galicki, Ryszard"]
[Black "Negele, Anton"]
[Result "0-1"]
[WhiteElo "1958"]
[BlackElo "1994"]
[PlyCount "135"]
[EventDate "2003.04.??"]
[EventType "swiss"]
[EventRounds "9"]
[EventCountry "GER"]
[SourceTitle "EXT 2006"]
[Source "ChessBase"]
[SourceDate "2005.11.24"]
[SourceVersion "1"]
[SourceVersionDate "2005.11.24"]
[SourceQuality "1"]

1. e4 c5 2. Nf3 a6 3. d4 cxd4 4. Nxd4 Nf6 5. Nc3 e5 6. Nde2 Bb4 7. a3 Bc5 8. f3 Qb6 9. Qd3 Bf2+ 10. Kd1 0-0 11. Bg5 Qxb2 12. Ra2 Qb6 13. Bxf6 Qxf6 14. Nd5 Qd8 15. c4 d6 16. Nec3 Bd4 17. g4 Nd7 18. h4 Nc5 19. Qb1 Bd7 20. Qb4 a5 21. Qb1 Bxc3 22. Nxc3 Qf6 23. Be2 Qf4 24. Nd5 Ba4+ 25. Ke1 Qg3+ 26. Kf1 Bb3 27. Rb2 a4 28. Qe1 Qxe1+ 29. Kxe1 Ne6 30. Kf2 Nd4 31. Bd3 f6 32. Ke3 Kh8 33. f4 Rac8 34. f5 Rc5 35. g5 b5 36. gxf6 bxc4 37. fxg7+ Kxg7 38. Rg2+ Kf7 39. Rhg1 Nxf5+ 40. exf5 Rxd5 41. Rg7+ Kf6 42. Be4 Rd1 43. Rxd1 Bxd1 44. Rd7 Bg4 45. Rxd6+ Kg7 46. Rc6 Bxf5 47. h5 h6 48. Rxc4 Rc8 49. Rxa4 Kf6 50. Ra6+ Kg5 51. a4 Bxe4 52. Kxe4 Kxh5 53. Kxe5 Kg5 54. Ra7 Re8+ 55. Kd6 h5 56. a5 Re1 57. a6 Ra1 58. Ke5 Kg4 59. Rg7+ Kf3 60. a7 h4 61. Rh7 Kg3 62. Ke4 h3 63. Rg7+ Kh2 64. Rh7 Kg2 65. Rg7+ Kh1 66. Kf3 h2 67. Kf2 Ra2+ 68. Kf1 0-1

[Event "Wuerttemberg-ch Seniors 15th"]
[Site "Ellwangen"]
[Date "2003.04.16"]
[Round "6"]
[White "Negele, Anton"]
[Black "Goertz, Hans Georg"]
[Result "1/2-1/2"]
[WhiteElo "1994"]
[BlackElo "1895"]
[PlyCount "73"]
[EventDate "2003.04.??"]
[EventType "swiss"]
[EventRounds "9"]
[EventCountry "GER"]
[SourceTitle "EXT 2006"]
[Source "ChessBase"]
[SourceDate "2005.11.24"]
[SourceVersion "1"]
[SourceVersionDate "2005.11.24"]
[SourceQuality "1"]

1. d4 Nf6 2. c4 g6 3. Nc3 Bg7 4. e4 d6 5. f3 0-0 6. Be3 Nc6 7. Qd2 e5 8. Nge2 Ne8 9. d5 Ne7 10. g4 a6 11. Ng3 f5 12. gxf5 gxf5 13. exf5 Nxf5 14. Nxf5 Bxf5 15. 0-0-0 Nf6 16. Rg1 Kh8 17. Bd3 Bxd3 18. Qxd3 Qd7 19. Ne4 Nxe4 20. fxe4 Rf3 21. Rdf1 Raf8 22. Rxf3 Rxf3 23. Qe2 Qh3 24. Bd2 Rf8 25. Qg2 Qxg2 26. Rxg2 Rf6 27. Kd1 Bh6 28. Be1 Rf4 29. Re2 Kg7 30. Bg3 Rg4 31. Ke1 Bg5 32. Kf2 Bh4 33. Kf3 h5 34. Rg2 Kf6 35. b4 Bxg3 36. hxg3 Rg8 37. Rf2 1/2-1/2

[Event "Wuerttemberg-ch Seniors 15th"]
[Site "Ellwangen"]
[Date "2003.04.15"]
[Round "5"]
[White "Rettler, Heinz"]
[Black "Negele, Anton"]
[Result "1/2-1/2"]
[WhiteElo "1862"]
[BlackElo "1994"]
[PlyCount "37"]
[EventDate "2003.04.??"]
[EventType "swiss"]
[EventRounds "9"]
[EventCountry "GER"]
[SourceTitle "EXT 2006"]
[Source "ChessBase"]
[SourceDate "2005.11.24"]
[SourceVersion "1"]
[SourceVersionDate "2005.11.24"]
[SourceQuality "1"]

1. e4 c5 2. Nf3 a6 3. c4 Nc6 4. d4 cxd4 5. Nxd4 e5 6. Nxc6 dxc6 7. Qxd8+ Kxd8 8. Be3 Bb4+ 9. Nd2 Kc7 10. a3 Be7 11. Be2 f5 12. exf5 Bxf5 13. 0-0 Bf6 14. f3 Rd8 15. Ne4 Be7 16. Rfd1 Nf6 17. Nc3 Rxd1+ 18. Rxd1 Rd8 19. Rxd8 1/2-1/2

[Event "Wch Seniors 12th"]
[Site "Naumburg"]
[Date "2002.10.29"]
[Round "7"]
[White "Negele, Anton"]
[Black "Chehlov, Aleksander"]
[Result "0-1"]
[WhiteElo "2124"]
[BlackElo "2274"]
[PlyCount "122"]
[EventDate "2002.10.21"]
[EventType "swiss"]
[EventRounds "11"]
[EventCountry "GER"]
[SourceTitle "EXT 2006"]
[Source "ChessBase"]
[SourceDate "2005.11.24"]
[SourceVersion "1"]
[SourceVersionDate "2005.11.24"]
[SourceQuality "1"]

1. Nf3 c5 2. c4 Nc6 3. g3 g6 4. Bg2 Bg7 5. 0-0 e6 6. e3 Nge7 7. d4 cxd4 8. Nxd4 Nxd4 9. exd4 d5 10. cxd5 Nxd5 11. Nc3 Nb6 12. Be3 0-0 13. Qd2 Nc4 14. Qe2 Nxe3 15. fxe3 Rb8 16. Rac1 Bd7 17. Rfd1 Qb6 18. Qf2 Rbc8 19. a3 Qb3 20. Re1 Bc6 21. Ne4 Bxe4 22. Bxe4 Bh6 23. Qd2 Rxc1 24. Qxc1 Rd8 25. Kf2 Kg7 26. Qc3 Qxc3 27. bxc3 b6 28. Rc1 f5 29. Bb1 Kf6 30. Ba2 g5 31. Rc2 Bf8 32. a4 Rc8 33. Ke2 g4 34. Kd3 e5 35. Rf2 e4+ 36. Kd2 Bd6 37. Bd5 Re8 38. Kc2 h5 39. Kb3 Re7 40. Kc4 h4 41. gxh4 f4 42. exf4 e3 43. Re2 Bxf4 44. Kd3 Kg6 45. c4 Kh5 46. c5 bxc5 47. dxc5 Kxh4 48. c6 Kg5 49. Rg2 Kf5 50. Bc4 Bc7 51. Kd4 Re4+ 52. Kd5 Re5+ 53. Kd4 Bb6+ 54. Kd3 Rc5 55. Bb5 Rd5+ 56. Kc2 Kf4 57. Be2 Rd2+ 58. Kc3 Ke5 59. Kc4 a6 60. Kc3 Kd6 61. Bf1 Ba5+ 0-1

[Event "Wch Seniors 12th"]
[Site "Naumburg"]
[Date "2002.10.24"]
[Round "4"]
[White "Rosen, Willy"]
[Black "Negele, Anton"]
[Result "1-0"]
[WhiteElo "2336"]
[BlackElo "2124"]
[PlyCount "63"]
[EventDate "2002.10.21"]
[EventType "swiss"]
[EventRounds "11"]
[EventCountry "GER"]
[SourceTitle "EXT 2006"]
[Source "ChessBase"]
[SourceDate "2005.11.24"]
[SourceVersion "1"]
[SourceVersionDate "2005.11.24"]
[SourceQuality "1"]

1. e4 c5 2. Nc3 e6 3. Nf3 Be7 4. d4 cxd4 5. Nxd4 Nc6 6. Be3 a6 7. f4 d6 8. Qf3 e5 9. Nxc6 bxc6 10. Bc4 Nf6 11. 0-0 0-0 12. f5 a5 13. Rfd1 a4 14. a3 Qc7 15. Kh1 Bb7 16. Rd2 Rfd8 17. Rad1 Ba6 18. Bxa6 Rxa6 19. Qe2 Qb7 20. Bg5 Kh8 21. Bxf6 gxf6 22. Qh5 Bf8 23. Rd3 Ra7 24. Rh3 h6 25. Rg3 Bg7 26. Rxd6 Qe7 27. Qg4 Rg8 28. Rxc6 Qd8 29. Nd5 Rb7 30. b4 axb3 31. cxb3 Qa5 32. h3 1-0

[Event "Wch Seniors 12th"]
[Site "Naumburg"]
[Date "2002.10.22"]
[Round "2"]
[White "Zakhvatov, Vladimir"]
[Black "Negele, Anton"]
[Result "1/2-1/2"]
[WhiteElo "2314"]
[BlackElo "2124"]
[PlyCount "71"]
[EventDate "2002.10.21"]
[EventType "swiss"]
[EventRounds "11"]
[EventCountry "GER"]
[SourceTitle "EXT 2006"]
[Source "ChessBase"]
[SourceDate "2005.11.24"]
[SourceVersion "1"]
[SourceVersionDate "2005.11.24"]
[SourceQuality "1"]

1. Nf3 Nf6 2. c4 c5 3. g3 g6 4. d4 cxd4 5. Nxd4 Bg7 6. Bg2 0-0 7. 0-0 Nc6 8. Nc3 Nxd4 9. Qxd4 d6 10. Bg5 Bd7 11. Qd2 Bc6 12. e4 Re8 13. Bh6 Bh8 14. h3 Nd7 15. Rac1 a5 16. b3 Rb8 17. Rfd1 b6 18. Ne2 Nc5 19. Nd4 Bb7 20. Qe3 Qc8 21. f4 Bg7 22. Bxg7 Kxg7 23. f5 f6 24. h4 Ba8 25. a3 Rg8 26. b4 Nd7 27. fxg6 hxg6 28. Bh3 Qb7 29. Ne6+ Kh7 30. Nf4 Ne5 31. Nd5 Rg7 32. Rd2 axb4 33. axb4 b5 34. cxb5 Qxb5 35. Bf1 Qa4 36. Nb6 1/2-1/2

[Event "Oberliga Sued W 0102"]
[Site "Germany"]
[Date "2002.02.03"]
[Round "?"]
[White "Negele, Anton"]
[Black "Louis, Volker"]
[Result "1/2-1/2"]
[WhiteElo "2177"]
[BlackElo "2242"]
[PlyCount "108"]
[EventDate "2001.10.09"]
[EventType "team"]
[EventRounds "9"]
[EventCountry "GER"]
[SourceTitle "EXT 2003"]
[Source "ChessBase"]
[SourceDate "2002.11.25"]
[SourceVersion "1"]
[SourceVersionDate "2002.11.25"]
[SourceQuality "1"]

1. c4 g6 2. Nc3 Bg7 3. g3 e5 4. Bg2 f5 5. d3 d6 6. Nf3 Nf6 7. 0-0 0-0 8. Rb1 c6 9. Qc2 Nh5 10. b4 f4 11. b5 c5 12. Nd5 Nd7 13. Nd2 Ndf6 14. b6 Nxd5 15. Bxd5+ Kh8 16. bxa7 Rxa7 17. Bg2 Bg4 18. Ne4 Nf6 19. Nxf6 Qxf6 20. Rxb7 Rxb7 21. Bxb7 h5 22. a4 h4 23. Bg2 f3 24. exf3 Bxf3 25. Bxf3 Qxf3 26. Qd1 Qf5 27. f3 hxg3 28. Kg2 gxh2 29. Rh1 Kg8 30. Rxh2 Bf6 31. Rh3 Rb8 32. Qc2 Kg7 33. a5 Qc8 34. Rg3 Qc6 35. Qd2 Rh8 36. Qe3 Qa4 37. Bd2 Qd1 38. Qe1 Qxe1 39. Bxe1 Bh4 40. Rh3 g5 41. Bxh4 gxh4 42. Rh1 Kf6 43. a6 Kg5 44. a7 Ra8 45. Ra1 Kf4 46. Ra6 h3+ 47. Kxh3 Kxf3 48. Kh4 Ke3 49. Rxd6 Rxa7 50. Rd5 Kf4 51. Kh5 Ra3 52. Kg6 Rc3 53. Kf6 e4 54. dxe4 Kxe4 1/2-1/2

[Event "Oberliga Sued W 0102"]
[Site "Germany"]
[Date "2002.01.13"]
[Round "?"]
[White "Ritz, Thomas"]
[Black "Negele, Anton"]
[Result "1-0"]
[WhiteElo "2161"]
[BlackElo "2177"]
[PlyCount "117"]
[EventDate "2001.10.09"]
[EventType "team"]
[EventRounds "9"]
[EventCountry "GER"]
[SourceTitle "EXT 2003"]
[Source "ChessBase"]
[SourceDate "2002.11.25"]
[SourceVersion "1"]
[SourceVersionDate "2002.11.25"]
[SourceQuality "1"]

1. d4 Nf6 2. Nf3 e6 3. g3 d5 4. Bg2 Be7 5. 0-0 0-0 6. b3 Nbd7 7. c4 c6 8. Bb2 Ne4 9. Nc3 f5 10. e3 b6 11. Rc1 Bb7 12. Ne2 Qe8 13. cxd5 exd5 14. Nf4 Bd6 15. Nd3 Rc8 16. b4 Qe7 17. a3 Ba6 18. Re1 Bxd3 19. Qxd3 b5 20. Re2 Nb6 21. Ne5 Nc4 22. Nxc4 bxc4 23. Qc2 a5 24. bxa5 Ra8 25. f3 Nf6 26. e4 fxe4 27. fxe4 Nxe4 28. Bxe4 dxe4 29. Qxc4+ Kh8 30. Qxc6 Rxa5 31. Qxe4 Qa7 32. Rf1 Rg8 33. Qe6 Qb8 34. d5 Ra6 35. Rff2 Qb5 36. Qf7 Raa8 37. Kg2 Bc5 38. a4 Qd3 39. Qf3 Qd1 40. Rd2 Qxa4 41. Rfe2 Qa6 42. Re6 Qa5 43. Rde2 Raf8 44. Qh5 Qb5 45. Qe5 Qd3 46. Qe4 Qd1 47. Kh3 Qf1+ 48. Kg4 Rf6 49. Bxf6 gxf6+ 50. Kh4 Rg6 51. Qf4 Qg1 52. Rxf6 Be7 53. Qb8+ Rg8 54. Qxg8+ Kxg8 55. Rxe7 Qxh2+ 56. Kg4 h5+ 57. Kf5 Qxg3 58. Rg6+ Kf8 59. Rxg3 1-0

[Event "Wuerttemberg-ch Seniors 14th"]
[Site "Ellwangen"]
[Date "2002.??.??"]
[Round "8"]
[White "Negele, Anton"]
[Black "Jaeger, Hans"]
[Result "1/2-1/2"]
[WhiteElo "1965"]
[BlackElo "1852"]
[PlyCount "80"]
[EventDate "2002.03.30"]
[EventType "swiss"]
[EventRounds "9"]
[EventCountry "GER"]
[SourceTitle "EXT 2006"]
[Source "ChessBase"]
[SourceDate "2005.11.24"]
[SourceVersion "1"]
[SourceVersionDate "2005.11.24"]
[SourceQuality "1"]

1. d4 d5 2. Nf3 Nf6 3. g3 c5 4. Bg2 cxd4 5. Nxd4 Nc6 6. 0-0 e5 7. Nxc6 bxc6 8. c4 Be7 9. b3 Be6 10. Bb2 Qc7 11. cxd5 Bxd5 12. Nc3 Bxg2 13. Kxg2 0-0 14. Qc2 c5 15. e4 Qb7 16. Rfd1 Rfd8 17. f3 Rac8 18. Rxd8+ Rxd8 19. Rd1 Rxd1 20. Nxd1 Nd7 21. Ne3 f6 22. Qc4+ Kf8 23. Ba3 Nb6 24. Qc1 Qa6 25. Kf2 g6 26. Ke1 Qa5+ 27. Kd1 Qb5 28. Qd2 Ke8 29. Kc1 c4 30. Bxe7 Kxe7 31. bxc4 Nxc4 32. Nd5+ Kf7 33. Qb4 Qxb4 34. Nxb4 Ke6 35. g4 h5 36. gxh5 gxh5 37. Kd1 a5 38. Nd3 f5 39. Ke2 fxe4 40. fxe4 Kd6 1/2-1/2

[Event "Wuerttemberg-ch Seniors 14th"]
[Site "Ellwangen"]
[Date "2002.??.??"]
[Round "2"]
[White "Negele, Anton"]
[Black "Sielaff, Rudolf"]
[Result "1/2-1/2"]
[WhiteElo "1965"]
[BlackElo "1995"]
[PlyCount "109"]
[EventDate "2002.03.30"]
[EventType "swiss"]
[EventRounds "9"]
[EventCountry "GER"]
[SourceTitle "EXT 2006"]
[Source "ChessBase"]
[SourceDate "2005.11.24"]
[SourceVersion "1"]
[SourceVersionDate "2005.11.24"]
[SourceQuality "1"]

1. d4 d5 2. c4 e6 3. Nc3 Be7 4. Nf3 Nf6 5. Bg5 h6 6. Bh4 0-0 7. e3 b6 8. cxd5 Nxd5 9. Bxe7 Qxe7 10. Nxd5 exd5 11. Be2 Nd7 12. 0-0 Bb7 13. Rc1 Rfc8 14. Rc3 a6 15. Qc2 c5 16. dxc5 bxc5 17. Rc1 Re8 18. Bf1 d4 19. exd4 Bxf3 20. Rxf3 cxd4 21. Rd3 Qf6 22. Rcd1 Rec8 23. Qd2 Nc5 24. Rxd4 Ne6 25. Rd3 Rd8 26. b3 a5 27. Qe1 Rxd3 28. Bxd3 Rd8 29. Bc4 Nd4 30. h3 g6 31. Rd3 Kg7 32. Qe4 h5 33. g3 g5 34. Kg2 h4 35. f4 gxf4 36. Qxf4 Qxf4 37. gxf4 Kf6 38. Kf2 Rd7 39. Ke3 Nf5+ 40. Kf3 Re7 41. a4 Re1 42. Kf2 Re4 43. Kf3 Re1 44. Rd7 Re3+ 45. Kg2 Rg3+ 46. Kh2 Rg7 47. Rd5 Ne3 48. Rxa5 Rg2+ 49. Kh1 Rg3 50. Ra6+ Kg7 51. Be2 Rxh3+ 52. Kg1 Rg3+ 53. Kf2 Ng4+ 54. Bxg4 Rxg4 55. Ra5 1/2-1/2

[Event "Wuerttemberg-ch Seniors 13th"]
[Site "Ellwangen"]
[Date "2001.??.??"]
[Round "2"]
[White "Dunkel, Horst"]
[Black "Negele, Anton"]
[Result "0-1"]
[WhiteElo "1542"]
[BlackElo "1971"]
[PlyCount "108"]
[EventDate "2001.04.??"]
[EventType "swiss"]
[EventRounds "9"]
[EventCountry "GER"]
[SourceTitle "EXT 2006"]
[Source "ChessBase"]
[SourceDate "2005.11.24"]
[SourceVersion "1"]
[SourceVersionDate "2005.11.24"]
[SourceQuality "1"]

1. Nf3 c5 2. g3 Nf6 3. Bg2 g6 4. 0-0 Bg7 5. d3 0-0 6. Nbd2 Nc6 7. c3 d5 8. e4 e6 9. e5 Nd7 10. d4 b5 11. Re1 Qb6 12. Nf1 cxd4 13. cxd4 a5 14. Be3 Ba6 15. Qd2 Rfc8 16. Rec1 Rc7 17. h4 h5 18. N1h2 Rac8 19. Bf1 b4 20. Kg2 Bxf1+ 21. Nxf1 a4 22. Qd1 Qb5 23. N1d2 Na5 24. Rxc7 Rxc7 25. Rc1 Nc4 26. Nxc4 dxc4 27. Nd2 Nb6 28. Qf3 Nd5 29. Bg5 c3 30. bxc3 Rxc3 31. Rxc3 bxc3 32. Ne4 c2 33. Qxf7+ Kxf7 34. Nd6+ Kg8 35. Nxb5 Nb4 36. Na3 Bf8 37. Bd2 c1Q 38. Bxc1 Nd3 39. Nb1 Nxc1 40. a3 Nb3 41. Nc3 Nxd4 42. Nxa4 Bxa3 43. Nb6 Bb4 44. f3 Nf5 45. Kh3 Be1 46. g4 Nxh4 47. gxh5 gxh5 48. Nd7 Kf7 49. f4 Ng6 50. Nf6 Nxf4+ 51. Kh2 Kg6 52. Ne4 Kf5 53. Nc5 Kxe5 54. Nxe6 Kxe6 0-1

[Event "Wuerttemberg-ch Seniors 13th"]
[Site "Ellwangen"]
[Date "2001.??.??"]
[Round "1"]
[White "Negele, Anton"]
[Black "Buerger, Helmut"]
[Result "1/2-1/2"]
[WhiteElo "1971"]
[BlackElo "1680"]
[PlyCount "91"]
[EventDate "2001.04.??"]
[EventType "swiss"]
[EventRounds "9"]
[EventCountry "GER"]
[SourceTitle "EXT 2006"]
[Source "ChessBase"]
[SourceDate "2005.11.24"]
[SourceVersion "1"]
[SourceVersionDate "2005.11.24"]
[SourceQuality "1"]

1. d4 Nf6 2. c4 g6 3. Nc3 d5 4. Bf4 c6 5. e3 Bg7 6. Nf3 0-0 7. Be2 Nbd7 8. h3 dxc4 9. Bxc4 Nb6 10. Bb3 Nfd5 11. Be5 h6 12. 0-0 Be6 13. Ne4 Nd7 14. Bxg7 Kxg7 15. Rc1 Rc8 16. Nc5 Nxc5 17. dxc5 Nc7 18. Qc2 Bxb3 19. Qxb3 Rb8 20. Rfd1 Qc8 21. Ne5 Nd5 22. e4 Nf6 23. f3 Qc7 24. Qc3 Rbd8 25. Ng4 h5 26. Ne3 Kg8 27. Nc4 Nd7 28. b4 f6 29. Qe3 Kg7 30. Na5 Rfe8 31. Nb3 Nf8 32. Qe2 Rxd1+ 33. Rxd1 Rd8 34. Rd3 Rxd3 35. Qxd3 b5 36. cxb6 Qxb6+ 37. Qd4 Ne6 38. Qxb6 axb6 39. a4 Kf7 40. Kf2 Ke8 41. Ke3 Kd7 42. Nd4 Nc7 43. Kd3 e5 44. Ne2 b5 45. Nc3 Kd6 46. axb5 1/2-1/2

[Event "Wuerttemberg-ch Seniors 12th"]
[Site "Ellwangen"]
[Date "2000.??.??"]
[Round "6"]
[White "Adler, Wilfried"]
[Black "Negele, Anton"]
[Result "1-0"]
[WhiteElo "2010"]
[BlackElo "2005"]
[PlyCount "53"]
[EventDate "2000.04.??"]
[EventType "swiss"]
[EventRounds "9"]
[EventCountry "GER"]
[SourceTitle "EXT 2006"]
[Source "ChessBase"]
[SourceDate "2005.11.24"]
[SourceVersion "1"]
[SourceVersionDate "2005.11.24"]
[SourceQuality "1"]

1. c4 e5 2. Nc3 Nf6 3. g3 d5 4. cxd5 Nxd5 5. Bg2 c6 6. d3 Be6 7. Nf3 f6 8. Bd2 Be7 9. d4 Nxc3 10. Bxc3 e4 11. Nd2 f5 12. 0-0 0-0 13. e3 Nd7 14. Qc2 Qe8 15. f3 exf3 16. Bxf3 Bg5 17. Rae1 Qg6 18. Rf2 Qh6 19. Rfe2 Rae8 20. b3 Bd5 21. e4 fxe4 22. Bxe4 Bxe4 23. Nxe4 Bf6 24. Qd3 Rd8 25. Bb4 Ne5 26. Nxf6+ Qxf6 27. dxe5 1-0

[Event "Pfalz-ch"]
[Site "Deidesheim"]
[Date "2000.??.??"]
[Round "3"]
[White "Dobosz, Henryk"]
[Black "Negele, Anton"]
[Result "1-0"]
[WhiteElo "2385"]
[BlackElo "2176"]
[PlyCount "65"]
[EventDate "2000.??.??"]
[EventType "swiss"]
[EventRounds "5"]
[EventCountry "GER"]
[SourceTitle "EXT 2003"]
[Source "ChessBase"]
[SourceDate "2002.11.25"]
[SourceVersion "1"]
[SourceVersionDate "2002.11.25"]
[SourceQuality "1"]

1. Nf3 d5 2. g3 Nf6 3. Bg2 c6 4. d3 Bg4 5. h3 Bh5 6. 0-0 Nbd7 7. Nbd2 e5 8. e4 dxe4 9. dxe4 Qc7 10. Qe1 Be7 11. Nh4 Bg6 12. a4 a5 13. Qe2 0-0 14. Nf5 Bc5 15. Nc4 Rfe8 16. Nce3 Nb6 17. Bd2 Nfd7 18. h4 f6 19. h5 Bf7 20. Qg4 g6 21. Nh6+ Kf8 22. hxg6 hxg6 23. Bf3 Ke7 24. Kg2 Nf8 25. Nxf7 Kxf7 26. Be2 Qd7 27. Qxd7+ Nfxd7 28. Rh1 Bf8 29. Nc4 Kg7 30. Rh3 Bb4 31. Bh6+ Kf7 32. Nxb6 Nxb6 33. Be3 1-0

[Event "Wuerttemberg-ch Seniors 12th"]
[Site "Ellwangen"]
[Date "2000.??.??"]
[Round "7"]
[White "Negele, Anton"]
[Black "Pietruske, Siegfried"]
[Result "1-0"]
[WhiteElo "2005"]
[BlackElo "1915"]
[PlyCount "95"]
[EventDate "2000.04.??"]
[EventType "swiss"]
[EventRounds "9"]
[EventCountry "GER"]
[SourceTitle "EXT 2006"]
[Source "ChessBase"]
[SourceDate "2005.11.24"]
[SourceVersion "1"]
[SourceVersionDate "2005.11.24"]
[SourceQuality "1"]

1. d4 e6 2. c4 f5 3. Nc3 Nf6 4. Nf3 Be7 5. e3 0-0 6. Bd3 d6 7. 0-0 Qe8 8. e4 fxe4 9. Nxe4 Nxe4 10. Bxe4 Bf6 11. Ng5 Bxg5 12. Bxg5 Nc6 13. d5 exd5 14. Bxd5+ Kh8 15. Qd2 Qg6 16. Rae1 h6 17. Bh4 Bf5 18. Bxc6 bxc6 19. Re7 Qh5 20. Bg3 Rf7 21. Qe3 Rxe7 22. Qxe7 Re8 23. Qxc7 Bd3 24. Rc1 Qe2 25. h4 Qxb2 26. Bf4 Qxa2 27. Qxd6 Bxc4 28. Qxc6 Bf7 29. Qc3 Qe6 30. Ra1 a6 31. Qg3 Rc8 32. Be5 Rg8 33. Rd1 Qg6 34. Qc3 Kh7 35. Rd6 Qb1+ 36. Kh2 Qe4 37. f4 Bd5 38. Qg3 Bf7 39. Rxa6 Qf5 40. Ra7 Qg6 41. Qxg6+ Bxg6 42. g4 Be4 43. h5 Bd3 44. Kg3 Bc2 45. f5 Bb3 46. Kf4 Bc4 47. g5 Be2 48. g6+ 1-0

[Event "RLP-chT 9899"]
[Site "Germany"]
[Date "1999.02.21"]
[Round "7.4"]
[White "Negele, Anton"]
[Black "Widera, Ralf"]
[Result "1/2-1/2"]
[WhiteElo "2225"]
[BlackElo "2245"]
[PlyCount "104"]
[EventDate "1998.??.??"]
[EventType "team"]
[EventRounds "9"]
[EventCountry "GER"]
[SourceTitle "EXT 2002"]
[Source "ChessBase"]
[SourceDate "2001.11.25"]
[SourceVersion "1"]
[SourceVersionDate "2001.11.25"]
[SourceQuality "1"]

1. c4 c6 2. Nf3 d5 3. e3 Nf6 4. Nc3 e6 5. d4 a6 6. Qc2 Nbd7 7. b3 Bd6 8. Be2 b5 9. 0-0 Bb7 10. Rd1 0-0 11. Rb1 Qe7 12. e4 dxe4 13. Nxe4 Nxe4 14. Qxe4 Nf6 15. Qh4 Nd7 16. Qh3 f5 17. a4 Nf6 18. Bg5 Qe8 19. c5 Bc7 20. Bxf6 Rxf6 21. Ne5 Rd8 22. f4 Bc8 23. Qe3 Bd7 24. Bf3 Rc8 25. g3 Bb8 26. Qd2 Qd8 27. a5 Be8 28. b4 Rh6 29. Qg2 Qc7 30. Rd2 Qb7 31. Re1 Rf6 32. Rd3 Qc7 33. h4 Kf8 34. Kh2 Qb7 35. Rde3 Qc7 36. Qd2 Qd8 37. Rd3 Rh6 38. Bg2 Rf6 39. Ree3 Rh6 40. Qa2 g5 41. fxg5 Qxg5 42. Kg1 Qe7 43. Qd2 Kg7 44. Re1 Qf6 45. Qf4 Kf8 46. Rf1 Rd8 47. Rdd1 Qg7 48. Kf2 Rxd4 49. Qxd4 Bxe5 50. Qe3 Rg6 51. Bf3 Rxg3 52. Ke2 Bh5 1/2-1/2

[Event "Boeblingen op 16th"]
[Site "Boeblingen"]
[Date "1999.??.??"]
[Round "?"]
[White "Negele, Anton"]
[Black "Metz, Hartmut"]
[Result "1/2-1/2"]
[WhiteElo "2184"]
[BlackElo "2275"]
[PlyCount "131"]
[EventDate "1999.12.??"]
[EventType "swiss"]
[EventRounds "9"]
[EventCountry "GER"]
[SourceTitle "EXT 2001"]
[Source "ChessBase"]
[SourceDate "2000.11.22"]
[SourceVersion "1"]
[SourceVersionDate "2000.11.22"]
[SourceQuality "1"]

1. Nf3 c6 2. d4 d5 3. c4 Nf6 4. e3 e6 5. Nc3 Nbd7 6. Qc2 Bd6 7. Be2 0-0 8. b3 b6 9. 0-0 Bb7 10. Rd1 Qe7 11. Rb1 Rac8 12. a4 Rfd8 13. a5 e5 14. cxd5 cxd5 15. a6 Ba8 16. Qb2 e4 17. Nd2 Nf8 18. Nb5 Bb8 19. Nf1 Ne8 20. Qd2 Rc6 21. Ba3 Qg5 22. f4 exf3 23. Bxf3 Re6 24. Rbc1 Ng6 25. g3 Nh4 26. Bh1 Nf5 27. e4 Qxd2 28. Nxd2 dxe4 29. d5 Rxd5 30. Bxe4 Rxb5 31. Bxa8 Bd6 32. Bxd6 Nfxd6 33. Nf3 Ra5 34. Nd4 Rf6 35. Bb7 Ra2 36. Rf1 Rxf1+ 37. Rxf1 g6 38. Nc6 Nb5 39. Rd1 Nec7 40. Nb4 Ra3 41. Rd3 Ne6 42. Rd5 Nc5 43. Nd3 Nxd3 44. Rxd3 Ra1+ 45. Kg2 Ra2+ 46. Kg1 Nc7 47. Rd7 Rc2 48. b4 Kf8 49. Bd5 Nxd5 50. Rxd5 Ke7 51. b5 h5 52. h4 Rb2 53. Kf1 f6 54. Kg1 Re2 55. Rd4 Re5 56. Rc4 Kd7 57. Rc6 Rf5 58. Kg2 g5 59. Rxb6 Kc8 60. Rb7 g4 61. Rxa7 Rxb5 62. Rh7 Kb8 63. Kf2 Rf5+ 64. Kg2 Ra5 65. Kf2 Rf5+ 66. Kg2 1/2-1/2